00327nam a2200145Ia 4500008004100000041000800041082001600049100001100065245002400076260003000100300000800130500002000138650001200158700001100170230125s9999 xx 000 0 und d aeng a491.07bNAI aNair U aGujarathi copy book c1991bCentral Publication a40p aGujarathi Books aGeneral aNair U